Xavier Basketball: Top 10 All-Time Leaders - Statistics

General Stats
  • This quiz has been taken 40 times
    22 since last reset
  • The average score is 29 of 90
Answer Stats
Category # Player Amount % Correct
Points 3 David West 2,132
94%
Rebounds 3 David West 1,308
94%
Steals T8 David West 174
94%
Blocks 1 David West 228
94%
Field Goal Percent 5 David West 53.1%
94%
Points Per Game 5 David West 16.9
94%
Field Goal Percent 9 Zach Freemantle 50.8%
75%
Points 7 Tu Holloway 1,833
63%
Assists 3 Tu Holloway 550
63%
Games T8 Tu Holloway 134
63%
Rebounds 9 Tyrique Jones 873
63%
Blocks 8 Tyrique Jones 98
63%
Games 7 Tyrique Jones 135
63%
Points 5 Tyrone Hill 2,003
63%
Rebounds 1 Tyrone Hill 1,370
63%
Field Goal Percent 2 Tyrone Hill 57.9%
63%
Steals 4 Byron Larkin 200
56%
Field Goal Percent 7 Byron Larkin 52.4%
56%
Points Per Game 2 Byron Larkin 22.3
56%
Steals 10 J.P. Macura 166
56%
Three Pointers Made T9 J.P. Macura 182
56%
Games 3 J.P. Macura 141
56%
Points 2 Trevon Bluiett 2,261
56%
Three Pointers Made 1 Trevon Bluiett 319
56%
Games 2 Trevon Bluiett 142
56%
Blocks 9 Jack Nunge 93
44%
Points 1 Xavier Larkin 2,696
44%
Rebounds 4 Brian Grant 1,080
38%
Blocks T5 Brian Grant 127
38%
Field Goal Percent 1 Brian Grant 59.4%
38%
Points 6 Lenny Brown 1,885
38%
Steals 1 Lenny Brown 242
38%
Three Pointers Made 3 Lenny Brown 236
38%
Assists 5 Paul Scruggs 510
38%
Steals T6 Paul Scruggs 178
38%
Games 1 Paul Scruggs 151
38%
Assists 4 Quentin Goodin 544
38%
Games T8 Quentin Goodin 134
38%
Points 4 Romain Sato 2,005
38%
Rebounds 8 Romain Sato 892
38%
Three Pointers Made 2 Romain Sato 307
38%
Assists 6 Dee Davis 493
31%
Games 10 Dee Davis 133
31%
Steals 3 James Posey 214
25%
Field Goal Percent 6 James Posey 52.7%
25%
Assists 1 Ralph Lee 699
25%
Steals 5 Ralph Lee 190
25%
Three Pointers Made 7 B.J. Raymond 217
19%
Games T4 B.J. Raymond 137
19%
Points Per Game 6 Gene Smith 16.8
19%
Blocks 10 James Farr 88
19%
Blocks T5 Jason Love 127
19%
Blocks 4 Kenny Frease 130
19%
Games T4 Kenny Frease 137
19%
Three Pointers Made T4 Lionel Chalmers 235
19%
Blocks 2 Aaron Williams 197
13%
Points 8 Anthony Hicks 1,805
13%
Assists 9 Anthony Hicks 466
13%
Steals 2 Anthony Hicks 226
13%
Points Per Game 9 Anthony Hicks 16.3
13%
Games T4 Dante Jackson 137
13%
Rebounds 5 Dave Piontek 995
13%
Assists 7 Dedrick Finn 481
13%
Assists 8 Gary Lumpkin 470
13%
Three Pointers Made 6 Gary Lumpkin 219
13%
Points 9 Jamie Gladden 1,780
13%
Blocks 3 Justin Doellman 140
13%
Points Per Game 10 Semaj Christon 16.2
13%
Points 10 Steve Thomas 1,722
13%
Points Per Game 1 Steve Thomas 24.0
13%
Rebounds 2 Bob Pelkington 1,330
6%
Rebounds 6 Bob Quick 939
6%
Points Per Game 3 Bob Quick 21.0
6%
Blocks 7 Dexter Bailey 117
6%
Assists 2 Jamal Walker 639
6%
Steals T8 Jamal Walker 174
6%
Rebounds 7 Joe Viviano 906
6%
Assists 10 Michael Hawkins 448
6%
Steals T6 Stan Kimbrough 178
6%
Points Per Game 7 Stan Kimbrough 16.8
6%
Three Pointers Made 8 Brad Redford 195
0%
Rebounds 10 Derek Strong 805
0%
Field Goal Percent 3 Derek Strong 57.3%
0%
Points Per Game 8 Jack Thobe 16.7
0%
Field Goal Percent 10 Jeff Jenkins 50.6%
0%
Points Per Game 4 Jerry Helmers 17.0
0%
Three Pointers Made T9 Maurice Mcafee 182
0%
Field Goal Percent 4 Richard Harris 53.2%
0%
Three Pointers Made T4 Stanley Burrell 235
0%
Field Goal Percent 8 Walt McBride 51.5%
0%
No matching quizzes found
Score Distribution
Percent of People with Each Score
Percentile by Number Answered
Your Score History
You have not taken this quiz since the last reset